00658nam a22001937a 4500003000800000008004100008040003000049041000700079080001600086100002800102245014900130260010100279300001500380520001600395650001200411655001200423942001200435999001700447BI-BuBU260225b ||||| |||| 00| 0 fre d cUniversité du Burundi  dfr 2381.81NSE.S 4aut.aNSENGIYUMVA:Aline aL'Impact de la stratégie de positionnement sur les performance commerciale d'une banque :bCas de la banque commerciale du Burundi(2008-2014) aBujumburabUniversité du Burundi, Faculté des sciences economiques et Adiministrativesc2017 b92f.c30cm arésumé  2BI-BuBU 2BI-BuBU 2udccBK c53455d53455